000 00411nam a2200169Ia 4500
008 141014s9999||||xx |||||||||||||| ||und||
010 _a17860
020 _aSISBN
082 _a923 C.695
100 _aCuenot, Claude
245 _aLo que Verdaderamente dijo Teilhard
250 _a1ra Ed
260 _aAguilar S.A. Madrid, España
_c1974
300 _a255p
_c20 cm
650 _aBiografías
942 _cBK
999 _c18010
_d18010